Pěstování hlávkového salátu v průběhu celého roku /
Uložené v:
| Ďalší autori: | |
|---|---|
| Médium: | Kniha |
| Jazyk: | Czech |
| Vydané: |
Praha :
Ústav vědeckotechnických informací Ústředí zemědělského a potravinářského výzkumu,
1968.
|
| Vydanie: | 1. vyd. |
| Edícia: | Metodiky pro zavádění výsledků výzkumu do praxe.
sv. 26/1968 Metodiky pro zavádění výsledků výzkumu do praxe. sv. 26/1968 |
| Fyzický popis: |
21 s. : fotogr. |
| Tagy: |
Pridať tag
Žiadne tagy, Buďte prvý kto otaguje tento záznam!
|
Titul je dostupný aj v ... 

MARC
| LEADER | 00000nam a22000001 4500 | ||
|---|---|---|---|
| 001 | 000141321 | ||
| 005 | 20090915203346.0 | ||
| 008 | 970927s1968 xr cze d | ||
| 040 | |a SVKKK |b slo |c SVKKK |e AACR2 | ||
| 041 | 0 | |a cze | |
| 044 | |a xr |c CZ | ||
| 100 | 1 | |a Štambera, Jaroslav, |d 1922- |4 edt | |
| 245 | 1 | 0 | |a Pěstování hlávkového salátu v průběhu celého roku / |c zprac. Jaroslav Štambera. |
| 250 | |a 1. vyd. | ||
| 260 | |a Praha : |b Ústav vědeckotechnických informací Ústředí zemědělského a potravinářského výzkumu, |c 1968. | ||
| 300 | |a 21 s. : |b fotogr. | ||
| 440 | 0 | |a Metodiky pro zavádění výsledků výzkumu do praxe. |v sv. 26/1968 | |
| 830 | 0 | |a Metodiky pro zavádění výsledků výzkumu do praxe. |v sv. 26/1968 | |
| 910 | |a svkkk | ||
| 998 | |a BK | ||
| 090 | |g SCKHL |k Sklad Pribinova 2. posch. |a II.175829 |i 141321-10 |s Absenčne | ||